00547nam a2200181Ia 450000500170000000800410001702000150005808200130007310000230008624500230010925000080013226000430014030000130018350000500019694200060024695200980025299900150035020250626014651.0240331s9999 xx 000 0 und d a955962542X bSINa891 aSinhaarachchi, C.L 0aAranakata pembanda a2nd aNugegodabWijesuriya Book Centrec2000 a274 p ., aTranslation of Falling in love with a monster cL 001040708LaWERCLbWERCLcSSCd2024-03-31l0o 891.48 SINp4655r2024-03-31w2024-03-31yL c5368d5368